Quantitative properties of sovereign default models : solution methods matter /

We study the sovereign default model that has been used to account for the cyclical behavior of interest rates in emerging market economies. This model is often solved using the discrete state space technique with evenly spaced grid points. We show that this method necessitates a large number of gri...

Description complète

Détails bibliographiques
Auteur principal: Martinez, Leonardo
Autres auteurs: Hatchondo, Juan Carlos, Sapriza, Horacio
Format: Revue
Langue:English
Publié: Washington, D.C. : International Monetary Fund, 2010.
Collection:IMF Working Papers; Working Paper ; No. 2010/100
Accès en ligne:Full text available on IMF
LEADER 02577cas a2200265 a 4500
001 AALejournalIMF006394
008 230101c9999 xx r poo 0 0eng d
020 |c 5.00 USD 
020 |z 9781451982770 
022 |a 1018-5941 
040 |a BD-DhAAL  |c BD-DhAAL 
100 1 |a Martinez, Leonardo. 
245 1 0 |a Quantitative properties of sovereign default models :   |b solution methods matter /  |c Leonardo Martinez, Horacio Sapriza, Juan Carlos Hatchondo. 
264 1 |a Washington, D.C. :  |b International Monetary Fund,  |c 2010. 
300 |a 1 online resource (28 pages) 
490 1 |a IMF Working Papers 
500 |a <strong>Off-Campus Access:</strong> No User ID or Password Required 
500 |a <strong>On-Campus Access:</strong> No User ID or Password Required 
506 |a Electronic access restricted to authorized BRAC University faculty, staff and students 
520 3 |a We study the sovereign default model that has been used to account for the cyclical behavior of interest rates in emerging market economies. This model is often solved using the discrete state space technique with evenly spaced grid points. We show that this method necessitates a large number of grid points to avoid generating spurious interest rate movements. This makes the discrete state technique significantly more inefficient than using Chebyshev polynomials or cubic spline interpolation to approximate the value functions. We show that the inefficiency of the discrete state space technique is more severe for parameterizations that feature a high sensitivity of the bond price to the borrowing level for the borrowing levels that are observed more frequently in the simulations. In addition, we find that the efficiency of the discrete state space technique can be greatly improved by (i) finding the equilibrium as the limit of the equilibrium of the finite-horizon version of the model, instead of iterating separately on the value and bond price functions and (ii) concentrating grid points in asset levels at which the bond price is more sensitive to the borrowing level and in levels that are observed more often in the model simulations. Our analysis questions the robustness of results in the sovereign default literature and is also relevant for the study of other credit markets. 
538 |a Mode of access: Internet 
700 1 |a Hatchondo, Juan Carlos. 
700 1 |a Sapriza, Horacio. 
830 0 |a IMF Working Papers; Working Paper ;  |v No. 2010/100 
856 4 0 |z Full text available on IMF  |u http://elibrary.imf.org/view/journals/001/2010/100/001.2010.issue-100-en.xml  |z IMF e-Library